[Event "Cochabamba GP op 4th"]
[Site "Cochabamba"]
[Date "2023.09.08"]
[Round "3"]
[White "Mollo Taquemallco, Jhair Ernesto"]
[Black "Rojas Ramos, Lesli Meliza"]
[Result "1/2-1/2"]
[WhiteElo "1113"]
[BlackElo "1453"]
[PlyCount "58"]
[EventDate "2023.09.07"]
[EventType "swiss"]
[EventRounds "7"]
[EventCountry "BOL"]
[SourceTitle "EXT 2024"]
[Source "ChessBase"]
[SourceDate "2023.10.10"]
[SourceVersion "1"]
[SourceVersionDate "2023.10.10"]
[SourceQuality "1"]

1. e4 c5 2. Nf3 d6 3. d4 cxd4 4. Nxd4 Nf6 5. Bd3 a6 6. Bg5 e5 7. Nf5 Bxf5 8. Bxf6 Qxf6 9. exf5 d5 10. Nc3 Bb4 11. 0-0 Bxc3 12. bxc3 0-0 13. f3 Rd8 14. Qe2 Nc6 15. Rfe1 Re8 16. Rad1 b5 17. g3 Rad8 18. Qe3 Na5 19. Qc5 h6 20. Re2 e4 21. Rde1 Re5 22. Qc7 Rde8 23. fxe4 dxe4 24. Bxe4 Nc4 25. Bd3 Rxe2 26. Rxe2 Rxe2 27. Bxe2 Qxc3 28. Bd3 Qe1+ 29. Kg2 Ne5 1/2-1/2

[Event "Cochabamba GP op 4th"]
[Site "Cochabamba"]
[Date "2023.09.07"]
[Round "2"]
[White "Rojas Ramos, Lesli Meliza"]
[Black "Monroy G, Javier A"]
[Result "0-1"]
[WhiteElo "1453"]
[BlackElo "1970"]
[PlyCount "58"]
[EventDate "2023.09.07"]
[EventType "swiss"]
[EventRounds "7"]
[EventCountry "BOL"]
[SourceTitle "EXT 2024"]
[Source "ChessBase"]
[SourceDate "2023.10.10"]
[SourceVersion "1"]
[SourceVersionDate "2023.10.10"]
[SourceQuality "1"]

1. e4 e6 2. d4 d5 3. Nd2 Nf6 4. e5 Nfd7 5. Ngf3 c5 6. Bd3 cxd4 7. Nxd4 Nxe5 8. N2b3 Nxd3+ 9. Qxd3 Nc6 10. 0-0 Be7 11. Nxc6 bxc6 12. Qc3 0-0 13. Qxc6 Bd7 14. Qc3 Bb5 15. Re1 Rc8 16. Qg3 Bh4 17. Qh3 Rxc2 18. Be3 Bf6 19. Bd4 Bc4 20. Bc3 Bxc3 21. bxc3 Qf6 22. Qe3 Qxc3 23. Qxc3 Rxc3 24. Rac1 Rxc1 25. Rxc1 Bxb3 26. axb3 Rb8 27. Rc7 g6 28. Rxa7 Rxb3 29. Rd7 Rb1# 0-1

[Event "BOL-ch U16 Girls"]
[Site "Cochabamba"]
[Date "2023.01.15"]
[Round "6"]
[White "Gareca Ordonez, Laura"]
[Black "Rojas Ramos, Lesli Meliza"]
[Result "0-1"]
[WhiteElo "1374"]
[BlackElo "1223"]
[PlyCount "38"]
[EventDate "2023.01.13"]
[EventType "swiss"]
[EventRounds "7"]
[EventCountry "BOL"]
[SourceTitle "EXT 2024"]
[Source "ChessBase"]
[SourceDate "2023.10.10"]
[SourceVersion "1"]
[SourceVersionDate "2023.10.10"]
[SourceQuality "1"]

1. d4 Nf6 2. c4 c5 3. d5 e6 4. Nc3 exd5 5. cxd5 d6 6. e4 g6 7. h3 Bg7 8. Nf3 0-0 9. Bd3 Re8 10. 0-0 a6 11. Re1 b5 12. a3 Nbd7 13. Bf4 Qc7 14. Rc1 Bb7 15. Bb1 Rad8 16. Qc2 c4 17. b3 Nc5 18. bxc4 Nb3 19. Qe2 Nxc1 0-1

[Event "BOL-ch U20 Girls"]
[Site "Cochabamba"]
[Date "2022.05.14"]
[Round "5"]
[White "Vargas Sanchez, Dashely"]
[Black "Rojas Ramos, Lesli Meliza"]
[Result "0-1"]
[WhiteElo "1241"]
[BlackElo "1249"]
[PlyCount "86"]
[EventDate "2022.05.13"]
[EventType "swiss"]
[EventRounds "7"]
[EventCountry "BOL"]
[SourceTitle "EXT 2023"]
[Source "ChessBase"]
[SourceDate "2022.10.05"]
[SourceVersion "1"]
[SourceVersionDate "2022.10.05"]
[SourceQuality "1"]

1. e4 e5 2. Nf3 Nc6 3. d4 exd4 4. Nxd4 Bc5 5. Be3 Qf6 6. c3 Nge7 7. Bc4 d6 8. 0-0 Ne5 9. Be2 0-0 10. f4 N5c6 11. Qd3 Re8 12. f5 d5 13. Nb5 Bxe3+ 14. Qxe3 Qe5 15. Nd2 a6 16. Nd4 Nxf5 17. Nxf5 Bxf5 18. Qf3 Bg6 19. Qf4 Qxf4 20. Rxf4 dxe4 21. Re1 Rad8 22. Nc4 Ne5 23. b3 Nxc4 24. Bxc4 b5 25. Be2 Rd2 26. c4 b4 27. Bf3 f5 28. Be2 Rxa2 29. c5 c6 30. Bc4+ Kf8 31. g4 Re5 32. Bd3 Kg8 33. Bc4+ Bf7 34. gxf5 Bxc4 35. bxc4 e3 36. f6 b3 37. f7+ Kf8 38. Rd1 Rd2 39. Rb1 b2 40. Rff1 a5 41. Rfd1 Rxd1+ 42. Rxd1 e2 43. Re1 b1Q 0-1